000 00612nam a22002297a 4500
003 OSt
005 20151026153356.0
008 130306t xxu||||| |||| 00| 0 eng d
020 _a1853264679
050 _aJC 177
_b.P144 1996
082 _aIB 320.51
_bP16r 1996
100 _aPaine, Thomas.
245 _aRights of man
_cThomas Paine with an introduction by Derek Matravers
260 _aWare :
_bWordsworth Editions Limited,
_cc1996.
300 _axii, 226 p. :
_c20 cm
650 _aEnglish essays
942 _2lcc
_cBK
999 _c1956
_d1956